00729nam a2200193 a 450000100100000000500170001000800410002702000180006804000250008608200150011110000330012624500810015926000400024030000210028050000710030150400320037295201140040499900170051800004633920201002052811.0150731s2011 cr 000 0 spa d a9789977653556 aDO-SdBNPbspacBNPHU axxxxbxxxx1 aCuello Nieto, César93706010aDesarrollo sostenible y experiencias costarricenses /cCésar Cuello Nieto. aHeredia, Costa Rica :bEUNA,c2011. a291 p. ;c21 cm. aIncluye datos biográficos del autor en la solapa de la cubierta. aBibliografía : p. 217-291 0010507-18MOaGRbGRcOId2015-07-31iLF1l0oxxxx xxxxp46339-10r2020-06-25w2020-06-25y1ZNo se presta c45828d45828